000 007650000a22002290004500
003 LK-CoMWRAF
008 230817t ||||| |||| 00| 0 eng d
020 _a9555800790
040 _aLK-CoMWRAF
_dLK-CoMWRAF
_eLK-CoMWRAF
041 _aeng
082 _a730
_bSAR
100 _aSarvananthan, Muttukrishna
245 _aWhat Impede Economic revival in the North & East Province of Sri Lanka?
_b
260 _bInternational Centre for Ethnic Studies
_aColombo 08 (Sri Lanka)
_c2003
300 _ap.24
490 _aWorking Paper 02
650 _aDoing Business in the North & East Province of Sri Lanla: Problems, Oppertunities and Challenges
650 _aLTTE - Siide
650 _aSri Lankan - Side
650 _aTigers, Taxes and the Tamils
942 _cBK
999 _c2234
_d2234